01062 a2200157 45000010006000000050017000060080041000230030015000640400040000790800070001192450060001892640035002493000019002845050578003031000023008812269320260407155517.0260407a1976 arg spa dAR-UNSa-BCEJYS aAR-UNSa-BCEJYSbspacAR-UNSa-BCEJYS a336.226.2xImpuestos sobre las propiedades (Impuestos de sellos) 10aImpuesto de sellospaspectos económicos y jurídicos 1aBuenos Aires :bCangalloc1976 a307 p.c23 cm. a1. Naturaleza del gravamen - 2. Hecho imponible del impuesto - 3. Base de imposición - 4. Actos de contenido singular o plural - 5. Eficacia de la ley de sellos en el tiempo y en el esapcio - 6. Contratos entre ausentes - 7. Distintos supuestos del derecho obligacinal - 8. Operaciones con inmuebles - 9. Obligaciones accesorias - 10. Compraventa y cesión de derechos - 11. Pagos por subrogación - 12. Sociedades - 13. Otros instrumentos y operaciones - 14. Operaciones de bolsa, moentarias y cambiarias - 15. Exenciones - 16. Ilicitos fiscales - 17. Consulta fiscal.1 aDíaz, Vicente O.